| 000 | 00794nam a22002297a 4500 | ||
|---|---|---|---|
| 005 | 20251108171929.0 | ||
| 008 | 250721s2001 xx 000 0 ara d | ||
| 082 | 1 | 4 | _a361.9565/شتي |
| 100 | 1 | _aشتيوي، موسى | |
| 245 | 1 | 0 | _aتقييم الآثار الإقتصادية و الإجتماعية لقروض برنامجي الأسر المنتجة .............. / |
| 264 | 1 |
_aنيويورك : _bالأمم المتحدة، _c2001. |
|
| 300 | _a67ص | ||
| 490 | 0 | _aسلسلة دراسات مكافحة الفقر ؛13 | |
| 650 | 1 | 7 | _aالمشاكل |
| 650 | 1 | 7 | _aالخدمات الإجتماعية |
| 650 | 1 | 7 | _aالتنمية الإجتماعية |
| 650 | 1 | 7 | _aالأردن |
| 650 | 1 | 7 | _aالإقتصاد |
| 650 | 1 | 7 | _aالأردن |
| 942 |
_2ddc _cBK |
||
| 999 |
_c66202 _d66202 |
||